Conservation area (Record no. 31191)

MARC details
000 -LEADER
fixed length control field 01377cab a2200241 4500
001 - CONTROL NUMBER
control field WB2810-41
008 - FIXED-LENGTH DATA ELEMENTS--GENERAL INFORMATION
fixed length control field 090401t1992 xxu||||| |||| 00| 0 eng d
035 ## - SYSTEM CONTROL NUMBER
System control number (Sirsi) u49810
041 ## - LANGUAGE CODE
Language code of text/sound track or separate title eng
245 ## - TITLE STATEMENT
Title Conservation area
260 ## - PUBLICATION, DISTRIBUTION, ETC.
Date of publication, distribution, etc. 1992
350 ## - PRICE (NR) (BK AM CF MU VM SE) [OBSOLETE]
Price 0
490 ## - SERIES STATEMENT
Series statement Estates Gazette Case Summaries
Volume/sequential designation 1992 EGCS 23(2) (29 February 1992)
520 ## - SUMMARY, ETC.
Summary, etc. "R v Canterbury CC ex parte Halford" QBD 18 February 1992. An application for judicial review on the designation of a conservation area. The orginal designation had been made in 1971. In 1991 the council (C) had enlarged the designated area to include the applicant owner (H)`s land. H argued that C had acted unlawfully on the grounds that a conservation area must have a feature of architectural and historical interest, the character and appearance of which it is desirable to preserve or enhance under Planning (Listed Buildings and Conservation Areas) Act 1990 s69. C argued that a setting is part of the character. As there is no statutory redress for challenging the legality of a designation, application for judicial review allowed.
650 ## - SUBJECT ADDED ENTRY--TOPICAL TERM
Topical term or geographic name entry element APPEARANCE
650 ## - SUBJECT ADDED ENTRY--TOPICAL TERM
Topical term or geographic name entry element CHARACTER
650 ## - SUBJECT ADDED ENTRY--TOPICAL TERM
Topical term or geographic name entry element CONSERVATION AREAS
650 ## - SUBJECT ADDED ENTRY--TOPICAL TERM
Topical term or geographic name entry element PLANNING LISTED BUILDINGS AND CONSERVATION AREAS ACT 1990
650 ## - SUBJECT ADDED ENTRY--TOPICAL TERM
Topical term or geographic name entry element SETTING
690 ## - LOCAL SUBJECT ADDED ENTRY--TOPICAL TERM (OCLC, RLIN)
Topical term or geographic name as entry element PLANNING LAW AND PRACTICE-CASE LAW
942 ## - ADDED ENTRY ELEMENTS (KOHA)
Suppress in OPAC 0
948 ## - LOCAL PROCESSING INFORMATION (OCLC); SERIES PART DESIGNATOR (RLIN)
c (OCLC) 04/03/1997
Holdings
Withdrawn status Lost status Source of classification or shelving scheme Damaged status Not for loan Home library Current library Shelving location Date acquired Total Checkouts Full call number Barcode Date last seen Copy number Price effective from Koha item type
    Dewey Decimal Classification     London London Journal article 14/09/1999   WB2810-41 49810-1001 06/08/2019 1 06/08/2019 Law report